Elementi di diritto penale: parte generale

Kaydedildi:
Detaylı Bibliyografya
Asıl Yazarlar: Cadoppi, Alberto (Yazar), Veneziani, Paolo (Yazar)
Materyal Türü: Kitap
Dil:İngilizce
Baskı/Yayın Bilgisi: Milán Cedam 2007
Edisyon:3a. ed
Konular:
Etiketler: Etiketle
Etiket eklenmemiş, İlk siz ekleyin!

MARC

LEADER 00000nam a2200000 a 4500
001 UCI7251
003 CL-VaPUC
008 080619e20070000IT |||||||||||||||||eng|d
020 |a 9788813273385 
082 0 4 |a 345.45  |b CAD  |2 21 
100 0 |a Cadoppi, Alberto  |e author  |9 530433 
700 0 |a Veneziani, Paolo  |e author  |9 530434 
245 1 0 |a Elementi di diritto penale: parte generale 
250 |a 3a. ed 
300 |a 543 p 
942 |c BK 
945 |d 20080619 00:00:00  |a rbrito 
260 |a Milán  |b Cedam  |c 2007 
650 7 |a DERECHO PENAL ITALIANO  |2 CL-VaPUC  |9 439478 
650 7 |a DERECHO PENAL  |2 CL-VaPUC  |9 11 
650 0 |a Derecho italiano  |9 385337 
650 0 |a Principio de legalidad  |9 524667 
583 |a last modification  |c 20080619 00:00:00  |k Rodrigo Vera 
999 |c 330594  |d 330592 
952 |0 0  |1 0  |4 0  |6 345_450000000000000_CAD_2007  |7 0  |8 A  |9 416205  |a BIBDER  |b BIBDER  |d 2019-11-22  |i 4451236  |o 345.45 CAD 2007  |p 4451236  |r 2023-01-25  |w 2019-11-22  |y BK  |k DER